CBT for beginners
Guardat en:
| Autor principal: | |
|---|---|
| Format: | Llibre |
| Idioma: | anglès |
| Publicat: |
Sage Publications
2018
|
| Etiquetes: |
Afegir etiqueta
Sense etiquetes, Sigues el primer a etiquetar aquest registre!
|
MARC
| LEADER | 00000nam a22000007a 4500 | ||
|---|---|---|---|
| 008 | 201207b ||||| |||| 00| 0 eng d | ||
| 020 | |a 978-1-5264-2408-2 | ||
| 100 | |a SIMMONS, Jane. | ||
| 245 | |a CBT for beginners |c Jane Simmons and Rachel Griffiths |g 271p. | ||
| 250 | |b 3rd ed. | ||
| 260 | |b Sage Publications |c 2018 |h London |i 692745 |i 692746 |l RC489 .C63Si5 |m Cognitive therapy. | ||
| 500 | |a “It includes bibliographical references and index”. | ||
| 942 | |a lcc |c CF |e Adeniran, F. A |f 7/12/2020 | ||
| 999 | |c 54 |d 54 | ||